| 000 | 00944nas a2200325 4500 | ||
|---|---|---|---|
| 001 | BR0403225 | ||
| 003 | BR-BrBNA | ||
| 005 | 20231205104638.0 | ||
| 007 | ta | ||
| 008 | 230509b bl.|||p| |||| 00| 00por d | ||
| 040 |
_aBR-BrBNA _bpor _cBiblioteca Nacional de Agricultura |
||
| 041 | _a(Pt) | ||
| 072 | _aF03 | ||
| 100 | 1 | _aBovi, M.L.A. | |
| 100 | 1 | _aMartins, C.C. | |
| 100 | 1 | _aSipiering, S.H. | |
| 245 | 1 | _aDesidratação de sementes de quatro lotes de pupunheira: efeitos sobre a germinação e o vigor | |
| 650 | _aPUPUNHA | ||
| 650 | _aSEMENTE | ||
| 650 | _aDETERIORAÇÃO | ||
| 650 | _aGERMINAÇÃO | ||
| 650 | _aTESTE DE VIGOR | ||
| 650 | _aSECAGEM | ||
| 650 | _aTEOR DE UMIDADE | ||
| 650 | _aCLIMATOLOGIA | ||
| 650 | _aQUALIDADE | ||
| 773 | 0 |
_tHorticultura Brasileira (Brazil) _xISSN 0102-0536 _g(Jan-Mar 2004), v. 22(1) p. 109-112 _wBR0403225 |
|
| 909 |
_a202311 _bLúcia _c55 _dLúcia Elande |
||
| 942 |
_2AGRIS _n0 _cANA |
||
| 999 |
_c179096 _d179096 |
||